| 000 | 02009nam a22002777a 4500 | ||
|---|---|---|---|
| 999 |
_c21888 _d21888 |
||
| 003 | AR-CdUCM | ||
| 008 | 190425b ||||| |||| 00| 0 spa d | ||
| 040 |
_aMUNICIPALIDAD PROVINCIAL DEL CUSCO _cBIBLIOTECA MUNICIPAL DEL CUSCO |
||
| 082 | _aRev.FD/N°1/1966 | ||
| 110 |
_aUniversidad Nacional De San Antonio Abad del Cuzco _914483 |
||
| 245 |
_aRevista de la Facultad de Derecho de la Universidad Nacional de San Antonio Abad del Cuzco / _cUniversidad Nacional de San Antonio Abad del Cuzco |
||
| 260 |
_aCusco : _bH.G. Rozas, _c1966. |
||
| 300 |
_a197 páginas. : _c24 cm. |
||
| 440 |
_aRevista de la Facultad de Derecho de la Universidad Nacional de San Antonio Abad del Cuzco. _nN°1, 1966. _946679 |
||
| 505 | _aContenido: La reforma del código de Procedimientos civiles. Cesar Muñiz. -- Principios de derecho social y legislación del trabajo Luis Felipe Paredes. -- Informe sobre la situación jurídico penal de los aborígenes peruanos. Francisco Ponce de León.-- Algunos apuntes sobre las modificaciones del derecho civil francés de los últimos veinte año. Jean Lisbonne.-- problemas que confronta el indigenismo y medio practico de solución. Víctor Guillen. -- Clasificación de los actos jurídicos, informe del señor decano de la Facultad de Derecho de la labor realizada en el año académico de 1947. Leoncio Olazábal. -- Informativo de la facultad. la Redacción. -- Plan de estudios y distribución de cursos aprobados por el Consejo Universitario, en sesión del 13 de enero de 1947. -- Relación de los alumnos matriculados en el año académico de 1948 en la facultad de Derecho. | ||
| 650 |
_aReforma del código de Procedimientos civiles _946680 |
||
| 650 |
_aLegislación del trabajo _930756 |
||
| 650 |
_aAborígenes peruanos _929820 |
||
| 650 |
_aDerecho Social _946681 |
||
| 700 |
_aMuñiz, Cesar _945904 |
||
| 700 |
_aPonce de León, Francisco _929819 |
||
| 700 |
_aLisbonne, Jean _946682 |
||
| 700 |
_aGuillen, Victor _945908 |
||
| 942 |
_2ddc _cPP |
||
| 945 | _arac | ||